00783nam a22001817a 4500003000900000008004100009040007100050082001500121100001800136245007000154260008300224300002700307440002500334505018900359650001600548650002600564650001100590AR-CdUCM190228b ||||| |||| 00| 0 spa d aMUNICIPALIDAD PROVINCIAL DEL CUSCOcBIBLIOTECA MUNICIPAL DEL CUSCO a333 /bK45 aKervyn, Bruno aLa economía campesina en el Perú :bteorías y políticas / aCusco :bCentro de Estudios Rurales Andinos "Bartolomé de las Casas",c1988. a92 páginas ;c21 cm. aDebates Andinos.n14 aContenido: Las investigaciones en Economía campesina vista desde las alturas -- Las lógicas de funcionamiento de las Economías campesinas -- La dinámica -- El cambio técnico. aAgricultura aAspectos económicos aPerú